Ekonomika miestneho hospodárstva a výrobného družstevníctva

Salvato in:
Dettagli Bibliografici
Autore principale: Kontra, Martin
Ente Autore: Vysoká škola ekonomická v Bratislave. Fakulta ekonomiky služieb a cestovného ruchu v Banskej Bystrici
Natura: Libro
Lingua:slovacco
Pubblicazione: Bratislava Vysoká škola ekonomická 1984
Tags: Aggiungi Tag
Nessun Tag, puoi essere il primo ad aggiungerne!!

MARC

LEADER 00000nam a2200000 4500
001 c114260
005 20181219124702.4
041 0 |a slo 
044 |a SK 
245 1 0 |a Ekonomika miestneho hospodárstva a výrobného družstevníctva  |c Martin Kontra 
264 1 |a Bratislava  |b Vysoká škola ekonomická  |c 1984 
300 |a 378 s. 
100 1 |a Kontra, Martin 
710 2 |a Vysoká škola ekonomická v Bratislave. Fakulta ekonomiky služieb a cestovného ruchu v Banskej Bystrici